[Event "Klatovy"]
[Site "?"]
[Date "2007.??.??"]
[Round "?"]
[White "Hampel, R."]
[Black "Kubat, M."]
[Result "0-1"]
[WhiteElo "1820"]
[BlackElo "1940"]
[PlyCount "74"]
[EventDate "2007.??.??"]

1. e4 c5 2. Nc3 Nc6 3. f4 d6 4. Nf3 g6 5. Bc4 Bg7 6. d3 e6 7. O-O Nge7 8. Qe1
O-O 9. Qh4 d5 10. Bb3 Nd4 11. Nxd4 Bxd4+ 12. Kh1 dxe4 13. Nxe4 Nf5 14. Qxd8
Rxd8 15. Re1 b6 16. c3 Bg7 17. Bc2 Ba6 18. Nf2 Bb7 19. Bd2 Nh4 20. Rg1 b5 21.
Rad1 a5 22. a3 Rab8 23. Be3 Rbc8 24. Ne4 Bf8 25. Bb1 Be7 26. Rdf1 h5 27. Bf2
Nf5 28. h3 b4 29. axb4 axb4 30. Rc1 Ba6 31. g4 hxg4 32. hxg4 Ng7 33. Rcd1 Bb7
34. Kh2 f5 35. Nd2 Kf7 36. Be3 Rh8+ 37. Kg3 Bh4+ 0-1

[Event "Klatovy"]
[Site "?"]
[Date "2007.??.??"]
[Round "?"]
[White "Straka, V."]
[Black "Svec, L."]
[Result "1/2-1/2"]
[WhiteElo "1930"]
[BlackElo "1855"]
[PlyCount "68"]
[EventDate "2007.??.??"]

1. d4 Nf6 2. c4 e6 3. Nf3 d5 4. Nc3 Nbd7 5. Bg5 c6 6. e3 Qa5 7. Bxf6 Nxf6 8.
Nd2 Bb4 9. Qc2 O-O 10. Bd3 Bxc3 11. Qxc3 Qxc3 12. bxc3 b6 13. O-O Bb7 14. a4
Ba6 15. Rfb1 Rab8 16. Bf1 Rfc8 17. Rb3 c5 18. cxd5 Bxf1 19. Kxf1 exd5 20. Rab1
cxd4 21. cxd4 Rc2 22. R1b2 Rbc8 23. a5 Rxb2 24. Rxb2 h5 25. axb6 axb6 26. Rxb6
Rc1+ 27. Ke2 Rc7 28. f3 Rc1 29. Rb1 Rc3 30. e4 dxe4 31. fxe4 Kf8 32. Rb7 Ng4
33. Rb3 Rxb3 34. Nxb3 Nxh2 1/2-1/2

[Event "Klatovy"]
[Site "?"]
[Date "2007.??.??"]
[Round "?"]
[White "Travnik, P."]
[Black "Sibl, V."]
[Result "1/2-1/2"]
[WhiteElo "1825"]
[BlackElo "1900"]
[PlyCount "42"]
[EventDate "2007.??.??"]

1. d4 d6 2. c4 Nd7 3. Nc3 e5 4. d5 Ngf6 5. e4 Be7 6. Bd3 O-O 7. Nge2 Ne8 8. O-O
Bg5 9. Ng3 g6 10. Nce2 Bxc1 11. Qxc1 Kg7 12. b3 Qe7 13. f4 exf4 14. Qxf4 Ne5
15. Bc2 Kg8 16. h3 f6 17. Rf2 a6 18. a4 a5 19. Raf1 Bd7 20. Nd4 Rb8 21. Qe3 b6
1/2-1/2

[Event "Klatovy"]
[Site "?"]
[Date "2007.??.??"]
[Round "?"]
[White "Sterba, K."]
[Black "Skut, M."]
[Result "1/2-1/2"]
[WhiteElo "1805"]
[BlackElo "1895"]
[PlyCount "81"]
[EventDate "2007.??.??"]

1. e4 c5 2. Nf3 Nc6 3. d4 cxd4 4. Nxd4 Nf6 5. Nc3 e5 6. Nf3 Bb4 7. Bd3 d5 8.
Nd2 O-O 9. O-O Bxc3 10. bxc3 dxe4 11. Nxe4 Nxe4 12. Bxe4 Qc7 13. Qf3 f5 14.
Bd5+ Kh8 15. Bxc6 bxc6 16. Ba3 Rf6 17. Rfd1 Bb7 18. Qe3 c5 19. Qxc5 Rc6 20. Qe7
Qxe7 21. Bxe7 Rxc3 22. Rd7 Bc6 23. Rd8+ Rxd8 24. Bxd8 Rxc2 25. a3 e4 26. Bg5 h6
27. Be3 a6 28. h4 Bb5 29. a4 Bd3 30. a5 Kh7 31. Rc1 Ra2 32. Rc5 Kg6 33. Kh2 Bb5
34. h5+ Kxh5 35. Rxf5+ Kg6 36. Re5 Rxa5 37. Rxe4 Bd3 38. Re7 Kf6 39. Rd7 Bf5
40. Bd4+ Ke6 41. Rxg7 1/2-1/2

[Event "Klatovy"]
[Site "?"]
[Date "2007.??.??"]
[Round "?"]
[White "Palla, R."]
[Black "Kalivoda, L."]
[Result "0-1"]
[WhiteElo "1800"]
[BlackElo "1865"]
[PlyCount "40"]
[EventDate "2007.??.??"]

1. e4 c6 2. d4 d5 3. e5 Bf5 4. h4 h6 5. g4 Bh7 6. e6 Qd6 7. exf7+ Kxf7 8. c3
Nd7 9. f4 Ngf6 10. Qe2 Ne4 11. Rh3 e6 12. Nf3 Be7 13. Ne5+ Nxe5 14. fxe5 Qd8
15. g5 Bf5 16. Rf3 hxg5 17. Bh3 g6 18. Bxf5 gxf5 19. Bxg5 Bxg5 20. hxg5 Rh1+
0-1

[Event "Klatovy"]
[Site "?"]
[Date "2007.??.??"]
[Round "?"]
[White "Vacek, M."]
[Black "Muzikar, M."]
[Result "1/2-1/2"]
[WhiteElo "1895"]
[BlackElo "1890"]
[PlyCount "33"]
[EventDate "2007.??.??"]

1. e4 c5 2. Nf3 d6 3. d4 cxd4 4. Nxd4 Nf6 5. Nc3 g6 6. Be3 Bg7 7. Be2 O-O 8.
O-O Bd7 9. Rb1 Nc6 10. f4 e6 11. Ndb5 d5 12. e5 Ne8 13. Bc5 Ne7 14. Nxa7 b6 15.
Bxe7 Qxe7 16. Nab5 Bxb5 17. Nxb5 1/2-1/2

[Event "Klatovy"]
[Site "?"]
[Date "2007.??.??"]
[Round "?"]
[White "Jurek, J."]
[Black "Havlik, J."]
[Result "1/2-1/2"]
[WhiteElo "2380"]
[BlackElo "2260"]
[PlyCount "69"]
[EventDate "2007.??.??"]

1. Nf3 Nf6 2. c4 g6 3. d4 Bg7 4. g3 O-O 5. Bg2 d6 6. Nc3 Nc6 7. O-O e5 8. d5
Ne7 9. c5 Ne8 10. cxd6 Nxd6 11. e4 Bd7 12. Be3 b6 13. Qb3 h6 14. Rfe1 Kh8 15.
Rad1 Bg4 16. Qa4 Qc8 17. Bc1 f5 18. exf5 Qxf5 19. Re3 Qh5 20. h3 Bxf3 21. Rxf3
Rxf3 22. g4 Qh4 23. Bxf3 Qxh3 24. Bg2 Qh4 25. Rd3 Rf8 26. Nd1 b5 27. Qxa7 e4
28. Rg3 Nxd5 29. Qc5 Nf4 30. Bxf4 Rxf4 31. Qxc7 Be5 32. Qc5 Qf6 33. Ne3 Rxf2
34. g5 hxg5 35. Rh3+ 1/2-1/2

[Event "Klatovy"]
[Site "?"]
[Date "2007.??.??"]
[Round "?"]
[White "Vorisek, J."]
[Black "Stross, F."]
[Result "0-1"]
[WhiteElo "2265"]
[BlackElo "2315"]
[PlyCount "56"]
[EventDate "2007.??.??"]

1. f4 Nf6 2. Nf3 d6 3. b3 e5 4. e3 e4 5. Ng5 h6 6. Nh3 d5 7. Bb2 Bc5 8. Qe2 Nc6
9. Nf2 Qe7 10. a3 a5 11. g3 b6 12. c4 d4 13. Bg2 Bb7 14. O-O O-O-O 15. Kh1 Kb8
16. Re1 g5 17. Ra2 Rhe8 18. Qf1 Qf8 19. Qe2 Qg7 20. Rg1 Qg6 21. Ba1 Ng8 22. Qe1
f5 23. Rc2 Nf6 24. Rc1 g4 25. Bf1 h5 26. Nd1 Rh8 27. Kg2 Rh6 28. Bb2 Qh7 0-1

[Event "Klatovy"]
[Site "?"]
[Date "2007.??.??"]
[Round "?"]
[White "Smid, M."]
[Black "Sodoma, J."]
[Result "1-0"]
[WhiteElo "2185"]
[BlackElo "2315"]
[PlyCount "53"]
[EventDate "2007.??.??"]

1. d4 Nf6 2. Nf3 e6 3. Bg5 Be7 4. Nbd2 h6 5. Bxf6 Bxf6 6. e4 d6 7. Bd3 Nc6 8.
c3 O-O 9. Qe2 e5 10. d5 Nb8 11. O-O a5 12. h3 Bg5 13. Rfe1 Bxd2 14. Nxd2 Qg5
15. Kh2 f5 16. exf5 Bxf5 17. Bxf5 Qxf5 18. Ne4 Nd7 19. Qc4 Rf7 20. Ng3 Qxf2 21.
Rf1 Qc5 22. Qg4 Qxd5 23. c4 Qd4 24. Qe6 Nf6 25. Nf5 Qxb2 26. Nxh6+ gxh6 27.
Rxf6 1-0

[Event "Klatovy"]
[Site "?"]
[Date "2007.??.??"]
[Round "?"]
[White "Kubecka, D."]
[Black "Lacina, A."]
[Result "0-1"]
[WhiteElo "2260"]
[BlackElo "2250"]
[PlyCount "50"]
[EventDate "2007.??.??"]

1. Nf3 Nf6 2. g3 b6 3. Bg2 Bb7 4. d3 e6 5. e4 d5 6. O-O c5 7. Nbd2 Nc6 8. Re1
Be7 9. h4 h6 10. Qe2 Qc7 11. c3 O-O-O 12. Nf1 Rdg8 13. Bd2 Ba6 14. exd5 Nxd5
15. c4 Nf6 16. a3 Bb7 17. b4 g5 18. hxg5 hxg5 19. Bc3 g4 20. Ne5 Nd4 21. Bxd4
Bxg2 22. Kxg2 Qb7+ 23. f3 cxd4 24. Nxf7 gxf3+ 25. Qxf3 Rxg3+ 0-1

[Event "Klatovy"]
[Site "?"]
[Date "2007.??.??"]
[Round "?"]
[White "Neuman, P."]
[Black "Vanka, M."]
[Result "1-0"]
[WhiteElo "2410"]
[BlackElo "2185"]
[PlyCount "93"]
[EventDate "2007.??.??"]

1. d4 f5 2. g3 Nf6 3. Bg2 g6 4. c3 Bg7 5. Nd2 Nc6 6. Qb3 e6 7. e4 fxe4 8. Nxe4
Nxe4 9. Bxe4 d5 10. Bg2 e5 11. Ne2 exd4 12. O-O O-O 13. cxd4 Kh8 14. Be3 Bg4
15. f3 Bf5 16. Rfe1 Na5 17. Qc3 Nc4 18. Bf2 c6 19. g4 Bd7 20. b3 Na3 21. Qc5
Nb5 22. a4 b6 23. Qb4 a5 24. Qd2 Nc7 25. Bg3 Na6 26. Red1 Nb4 27. Nc3 Re8 28.
h3 Qf6 29. Be5 Qf7 30. f4 Bxe5 31. dxe5 Be6 32. Rf1 Rf8 33. Ne2 Qe7 34. Nd4 Bg8
35. Rae1 c5 36. Nb5 Rad8 37. f5 gxf5 38. gxf5 d4 39. Qh6 Bd5 40. Bxd5 Rxd5 41.
f6 Rg8+ 42. Kh2 Qd8 43. f7 Rf8 44. Nd6 Qe7 45. Rg1 Rxf7 46. Nxf7+ Qxf7 47. Ref1
1-0

[Event "Klatovy"]
[Site "?"]
[Date "2007.??.??"]
[Round "?"]
[White "Krejci, J."]
[Black "Michalek, J."]
[Result "1-0"]
[WhiteElo "2190"]
[BlackElo "2355"]
[PlyCount "65"]
[EventDate "2007.??.??"]

1. e4 c5 2. Nf3 e6 3. c4 Nc6 4. Nc3 a6 5. Be2 d6 6. O-O Nf6 7. d4 cxd4 8. Nxd4
Be7 9. Be3 O-O 10. f3 Bd7 11. Qd2 Kh8 12. Rfd1 Rg8 13. Kh1 Qa5 14. Nb3 Qh5 15.
c5 dxc5 16. f4 Qg6 17. e5 Nd5 18. Nxd5 exd5 19. Bd3 Qh5 20. Bxc5 Bg4 21. Rf1
Rac8 22. Rac1 Bh4 23. Bf2 Bxf2 24. Qxf2 Nb4 25. Bb1 Bf5 26. a3 Bxb1 27. axb4
Bf5 28. Na5 Rxc1 29. Rxc1 b6 30. Nb7 Rf8 31. Qxb6 Qe2 32. Nd6 Qxb2 33. Qc5 1-0

[Event "Klatovy"]
[Site "?"]
[Date "2007.??.??"]
[Round "?"]
[White "Krejci, S."]
[Black "Plat, V."]
[Result "0-1"]
[WhiteElo "2185"]
[BlackElo "2280"]
[PlyCount "54"]
[EventDate "2007.??.??"]

1. Nf3 Nf6 2. c4 g6 3. b4 Bg7 4. Bb2 O-O 5. g3 c6 6. Bg2 d5 7. O-O Nbd7 8. a4
Re8 9. d3 e5 10. Nbd2 e4 11. dxe4 dxe4 12. Ng5 Qb6 13. Qb3 c5 14. Ngxe4 Nxe4
15. Nxe4 Qxb4 16. Qxb4 cxb4 17. Bxg7 Kxg7 18. Nd6 Rxe2 19. Nxc8 Rxc8 20. Bxb7
Rc7 21. Bf3 Rc2 22. Rfc1 R7xc4 23. Rxc2 Rxc2 24. Kf1 b3 25. Be4 b2 26. Rb1 Rc1+
27. Ke2 Nc5 0-1

[Event "Klatovy"]
[Site "?"]
[Date "2007.??.??"]
[Round "?"]
[White "Stluka, F."]
[Black "Kopta, P."]
[Result "1/2-1/2"]
[WhiteElo "2145"]
[BlackElo "2325"]
[PlyCount "46"]
[EventDate "2007.??.??"]

1. d4 Nf6 2. c4 e6 3. Nf3 c5 4. d5 exd5 5. cxd5 d6 6. Nc3 g6 7. e4 Bg7 8. Be2
O-O 9. Nd2 Re8 10. O-O Nbd7 11. f4 a6 12. a4 Rb8 13. Kh1 b6 14. Ra3 Qe7 15. g4
h6 16. Bf3 b5 17. axb5 axb5 18. Ra7 Rb7 19. Rxb7 Bxb7 20. Nxb5 Ba6 21. Qa4 Bxb5
22. Qxb5 Rb8 23. Qd3 Nh7 1/2-1/2

[Event "Klatovy"]
[Site "?"]
[Date "2007.??.??"]
[Round "?"]
[White "Folk, P."]
[Black "Kaderabek, J."]
[Result "1/2-1/2"]
[WhiteElo "2255"]
[BlackElo "2185"]
[PlyCount "61"]
[EventDate "2007.??.??"]

1. e4 c5 2. Nf3 e6 3. Nc3 a6 4. d4 cxd4 5. Nxd4 b5 6. Bd3 d6 7. O-O Nf6 8. Qe2
Be7 9. a4 b4 10. Nb1 e5 11. Nb3 O-O 12. Bg5 Be6 13. Bxf6 Bxf6 14. N1d2 Qc7 15.
f4 exf4 16. e5 Qa7+ 17. Kh1 dxe5 18. Be4 Nd7 19. Bxa8 Qxa8 20. Ne4 Be7 21. Rad1
Rc8 22. Rfe1 Qc6 23. Rd2 f5 24. Nf2 Bxb3 25. cxb3 e4 26. Red1 Ne5 27. Rd5 Bf6
28. Rd6 Qc2 29. R6d2 Qc6 30. Rd6 Qc2 31. R6d2 1/2-1/2

[Event "Klatovy"]
[Site "?"]
[Date "2007.??.??"]
[Round "?"]
[White "Kubikova, A."]
[Black "Palek, M."]
[Result "1/2-1/2"]
[WhiteElo "2155"]
[BlackElo "2245"]
[PlyCount "105"]
[EventDate "2007.??.??"]

1. d4 Nf6 2. c4 e6 3. Nf3 Bb4+ 4. Bd2 Qe7 5. Qc2 O-O 6. e3 b6 7. a3 Bxd2+ 8.
Nbxd2 d6 9. Bd3 c5 10. Rd1 Bb7 11. Ne4 Nbd7 12. dxc5 dxc5 13. O-O Rfd8 14.
Nxf6+ Nxf6 15. Ng5 h6 16. Ne4 Ng4 17. h3 Ne5 18. Be2 Bc6 19. f4 Ng6 20. Bf3 Qc7
21. Nd2 Rd7 22. Bxc6 Qxc6 23. Qe4 Qxe4 24. Nxe4 Rad8 25. Nc3 Ne7 26. Rxd7 Rxd7
27. Rd1 Rxd1+ 28. Nxd1 Nc6 29. e4 g6 30. Ne3 Kg7 31. Kf2 e5 32. f5 h5 33. fxg6
fxg6 34. h4 Na5 35. Ke2 g5 36. g3 Nc6 37. Nf1 Ne7 38. Nd2 Kf6 39. Nf3 gxh4 40.
gxh4 Ng6 41. Kf2 Nf4 42. Ke3 Ng6 43. Kf2 Ke7 44. Ke3 Ke6 45. Ng5+ Kf6 46. Nf3
Nf4 47. b3 Ng2+ 48. Kf2 Nf4 49. Ke3 Ne6 50. a4 Nd4 51. Nd2 Ke6 52. Kd3 Kf6 53.
Ke3 1/2-1/2

[Event "Klatovy"]
[Site "?"]
[Date "2007.??.??"]
[Round "?"]
[White "Cakl, Z."]
[Black "Jaros, M."]
[Result "1/2-1/2"]
[WhiteElo "2130"]
[BlackElo "2195"]
[PlyCount "29"]
[EventDate "2007.??.??"]

1. Nf3 Nf6 2. b3 g6 3. Bb2 Bg7 4. e3 c5 5. c4 Nc6 6. Be2 d6 7. d4 Ne4 8. O-O
cxd4 9. Nxd4 Nxd4 10. Bxd4 O-O 11. Bxg7 Kxg7 12. Qd4+ Nf6 13. Nc3 Kg8 14. Bf3
Qa5 15. Rfd1 1/2-1/2

[Event "Klatovy"]
[Site "?"]
[Date "2007.??.??"]
[Round "?"]
[White "Havlik, J."]
[Black "Pokrupa, M."]
[Result "1/2-1/2"]
[WhiteElo "2020"]
[BlackElo "2175"]
[PlyCount "34"]
[EventDate "2007.??.??"]

1. e4 e6 2. d4 d5 3. Nd2 dxe4 4. Nxe4 Nd7 5. Nf3 Ngf6 6. Bd3 c5 7. O-O Nxe4 8.
Bxe4 Nf6 9. Bd3 cxd4 10. Nxd4 Be7 11. Re1 a6 12. Bg5 O-O 13. c3 Qc7 14. Re3 h6
15. Bxh6 gxh6 16. Rg3+ Kh8 17. Qd2 Ng8 1/2-1/2

[Event "Klatovy"]
[Site "?"]
[Date "2007.??.??"]
[Round "?"]
[White "Trmal, J."]
[Black "Turner, R."]
[Result "1-0"]
[WhiteElo "2320"]
[BlackElo "2085"]
[PlyCount "63"]
[EventDate "2007.??.??"]

1. d4 Nf6 2. Nf3 g6 3. c4 c5 4. d5 Bg7 5. Nc3 d6 6. e4 O-O 7. Be2 a6 8. a4 Nbd7
9. O-O Rb8 10. Re1 Ne8 11. Bf4 Nc7 12. Qd2 Re8 13. h3 Ne5 14. Nxe5 Bxe5 15.
Bxe5 dxe5 16. a5 Qd6 17. Qe3 Bd7 18. Bg4 e6 19. Red1 Qf8 20. d6 Na8 21. Qxc5
Rec8 22. Qxe5 Rxc4 23. Be2 f6 24. Qf4 Rc5 25. Qe3 Rbc8 26. Ra3 e5 27. Nd5 Qxd6
28. Nb6 Qxd1+ 29. Bxd1 Nxb6 30. axb6 Rc1 31. Rd3 Bb5 32. Rd8+ 1-0

[Event "Klatovy"]
[Site "?"]
[Date "2007.??.??"]
[Round "?"]
[White "Pospisil, J."]
[Black "Brom, J."]
[Result "1-0"]
[WhiteElo "1970"]
[BlackElo "2120"]
[PlyCount "73"]
[EventDate "2007.??.??"]

1. e4 c5 2. Nf3 Nc6 3. d4 cxd4 4. Nxd4 Nf6 5. Nc3 e5 6. Ndb5 d6 7. Bg5 a6 8.
Na3 b5 9. Bxf6 gxf6 10. Nd5 Bg7 11. c3 f5 12. exf5 Bxf5 13. Nc2 Be6 14. a4 O-O
15. axb5 axb5 16. Rxa8 Qxa8 17. Bxb5 Nd4 18. Ne7+ Kh8 19. cxd4 Qa5+ 20. Qd2
Qxb5 21. d5 Bd7 22. Na3 Qa6 23. g4 Bf6 24. Nf5 Bxf5 25. gxf5 Rg8 26. h4 Rg4 27.
Qe2 Qa4 28. Nc2 Rc4 29. Ne3 Rc1+ 30. Nd1 Rc2 31. Qd3 e4 32. Qa3 Qd4 33. Qa8+
Kg7 34. Rg1+ Kh6 35. Qf8+ Kh5 36. Qxf7+ Kh6 37. Rg6+ 1-0

[Event "Klatovy"]
[Site "?"]
[Date "2007.??.??"]
[Round "?"]
[White "Gdovin, J."]
[Black "Framberk, J."]
[Result "1-0"]
[WhiteElo "2115"]
[BlackElo "2075"]
[PlyCount "85"]
[EventDate "2007.??.??"]

1. e4 c5 2. Nf3 d6 3. c3 g6 4. d4 Bg7 5. Bd3 cxd4 6. cxd4 Nc6 7. Be3 Bd7 8. Nc3
Nf6 9. d5 Nb4 10. Be2 Ng4 11. Bd4 Bxd4 12. Nxd4 Qb6 13. O-O Na6 14. Ndb5 Nf6
15. a4 Qa5 16. Qd4 O-O 17. Rfd1 Qb6 18. Qxb6 axb6 19. f3 Bxb5 20. Bxb5 Nc5 21.
Kf2 Rfd8 22. Ke3 e5 23. Ra3 g5 24. Rc1 Kf8 25. Nb1 Rdc8 26. Rac3 Rd8 27. b3 g4
28. Nd2 Ke7 29. Nc4 Ncd7 30. b4 gxf3 31. gxf3 Rdc8 32. Kf2 Rab8 33. Nxd6 Rxc3
34. Nf5+ Kd8 35. Rxc3 Rc8 36. Rxc8+ Kxc8 37. Nd6+ Kc7 38. Nxf7 h5 39. Ke3 h4
40. h3 Nh5 41. Bxd7 Kxd7 42. Nxe5+ Kd6 43. Ng6 1-0

[Event "Klatovy"]
[Site "?"]
[Date "2007.??.??"]
[Round "?"]
[White "Grill, R."]
[Black "Novotny, J."]
[Result "0-1"]
[WhiteElo "2110"]
[BlackElo "2055"]
[PlyCount "52"]
[EventDate "2007.??.??"]

1. e4 c5 2. Nc3 Nc6 3. f4 g6 4. Nf3 Bg7 5. Bc4 d6 6. d3 e6 7. f5 gxf5 8. O-O h6
9. Qe1 Nge7 10. Nh4 fxe4 11. dxe4 Ne5 12. Bb5+ Bd7 13. Bf4 Bxb5 14. Nxb5 a6 15.
Na3 N7c6 16. Rd1 Qe7 17. c3 b5 18. b4 c4 19. Qg3 O-O-O 20. Nf3 Rhg8 21. Nd4
Nxd4 22. cxd4 Nd3 23. Rxd3 cxd3 24. Qxd3 Kb8 25. Bg3 Rc8 26. d5 Rc3 0-1

[Event "Klatovy"]
[Site "?"]
[Date "2007.??.??"]
[Round "?"]
[White "Havlikova, K."]
[Black "Grabarczyk, S."]
[Result "1-0"]
[WhiteElo "2100"]
[BlackElo "1860"]
[PlyCount "43"]
[EventDate "2007.??.??"]

1. e4 c6 2. d4 d5 3. Nc3 g6 4. h3 Bg7 5. Nf3 e6 6. Bf4 Qb6 7. Rb1 Ne7 8. Qd2
Nd7 9. e5 a6 10. Bd3 Qc7 11. Ne2 b6 12. Bh6 Kf8 13. h4 Qd8 14. h5 Nf5 15. Bg5
f6 16. exf6 Bxf6 17. hxg6 Qe7 18. g4 Nd6 19. Rxh7 Rxh7 20. gxh7 Kg7 21. Bh6+
Kh8 22. Nf4 1-0

[Event "Klatovy"]
[Site "?"]
[Date "2007.??.??"]
[Round "?"]
[White "Erneker, J."]
[Black "Hacaperkova, L."]
[Result "1-0"]
[WhiteElo "2155"]
[BlackElo "1965"]
[PlyCount "112"]
[EventDate "2007.??.??"]

1. c4 e5 2. Nc3 Nc6 3. g3 g6 4. Bg2 Bg7 5. e3 d6 6. Nge2 Be6 7. Nd5 Qd7 8. O-O
Nge7 9. d3 O-O 10. Nec3 Rae8 11. Qa4 Rc8 12. Rb1 f5 13. Bd2 g5 14. f4 gxf4 15.
exf4 Ng6 16. Rbe1 Kh8 17. Kh1 a6 18. Be3 Qf7 19. Qb3 Nd8 20. Qd1 Qd7 21. Qd2
Nc6 22. a3 Qf7 23. b4 Nd8 24. a4 c6 25. Nb6 Rc7 26. fxe5 Nxe5 27. Ne4 Qg6 28.
Nxd6 Ndf7 29. Bf4 Re7 30. c5 Nd7 31. Nbc4 Nf6 32. Nxf7+ Qxf7 33. Bd6 Rfe8 34.
Bxe7 Rxe7 35. Nd6 Qg6 36. Nxf5 Bxf5 37. Rxe7 Bxd3 38. Rfe1 h5 39. Rxb7 Nd5 40.
Rd1 Be4 41. Re1 Bd3 42. Qf2 Bf5 43. Bxd5 cxd5 44. Ree7 Be4+ 45. Kg1 Qg4 46.
Rxe4 Qxe4 47. Rxg7 Kxg7 48. c6 Qb1+ 49. Qf1 Qxb4 50. Qc1 Qd4+ 51. Kg2 Qe4+ 52.
Kf2 Qd4+ 53. Ke2 Qe4+ 54. Kd2 Qd4+ 55. Kc2 Qe4+ 56. Kb3 Kf7 1-0

[Event "Klatovy"]
[Site "?"]
[Date "2007.??.??"]
[Round "?"]
[White "Cuhra, M."]
[Black "Hadrava, J."]
[Result "1-0"]
[WhiteElo "2090"]
[BlackElo "1870"]
[PlyCount "105"]
[EventDate "2007.??.??"]

1. d4 d5 2. Bg5 Nf6 3. Nf3 Bf5 4. e3 Nbd7 5. c3 c6 6. Qb3 Qb6 7. Nbd2 e6 8. Be2
Be7 9. Nh4 Ne4 10. Nxf5 exf5 11. Bxe7 Qxb3 12. axb3 Kxe7 13. c4 Nxd2 14. Kxd2
Nf6 15. Bd3 g6 16. c5 Ne8 17. Be2 Nc7 18. Kc3 a6 19. Kb4 Rad8 20. Ka5 Na8 21.
g4 fxg4 22. Bxg4 f5 23. Be2 Rb8 24. Rac1 Rhc8 25. h4 Rc7 26. h5 g5 27. h6 b6+
28. Ka4 bxc5 29. Rxc5 Rcb7 30. Rc3 Nc7 31. Bd3 Rb4+ 32. Ka3 a5 33. Rhc1 Nb5+
34. Bxb5 R4xb5 35. R1c2 Kd7 36. Ka2 R8b6 37. Rc5 g4 38. Rxb5 cxb5 39. Rc5 Rxh6
40. Rxd5+ Kc6 41. Rxf5 Rg6 42. e4 g3 43. fxg3 Rxg3 44. Rf6+ Kd7 45. Rf7+ Kc6
46. Rxh7 a4 47. Rh6+ Kc7 48. bxa4 bxa4 49. d5 Re3 50. Re6 Kd7 51. Kb1 Re2 52.
Kc1 Rf2 53. Ra6 1-0

[Event "Klatovy"]
[Site "?"]
[Date "2007.??.??"]
[Round "?"]
[White "Palkova, K."]
[Black "Novak, J."]
[Result "1-0"]
[WhiteElo "2070"]
[BlackElo "2000"]
[PlyCount "83"]
[EventDate "2007.??.??"]

1. e4 d5 2. exd5 Nf6 3. d4 Nxd5 4. Nf3 Bf5 5. Bd3 Bxd3 6. Qxd3 c6 7. O-O e6 8.
Re1 Be7 9. Nc3 Nxc3 10. bxc3 Nd7 11. Rb1 b6 12. Bf4 O-O 13. Ne5 Nxe5 14. Bxe5
Bf6 15. Re3 Bxe5 16. Rxe5 Qf6 17. Rbe1 g6 18. R1e3 Kg7 19. Rf3 Qe7 20. Qe3 h6
21. h4 Rae8 22. Qd2 f5 23. c4 Qxh4 24. Rh3 Qg5 25. Qe1 Qf4 26. c3 Rf6 27. g3
Qg5 28. f4 Qg4 29. Rh4 Qf3 30. Re3 Qxe3+ 31. Qxe3 Rd8 32. Rh2 h5 33. Qe5 Rd7
34. Rd2 Kf7 35. a4 c5 36. a5 Ke7 37. axb6 axb6 38. Qb8 Rf8 39. Qxb6 Rc8 40. Re2
Rd6 41. Qb7+ Kd8 42. d5 1-0

[Event "Klatovy"]
[Site "?"]
[Date "2007.??.??"]
[Round "?"]
[White "Kovar, P."]
[Black "Ondrejat, M."]
[Result "1/2-1/2"]
[WhiteElo "2005"]
[BlackElo "2110"]
[PlyCount "21"]
[EventDate "2007.??.??"]

1. c4 g6 2. Nc3 Bg7 3. d4 d6 4. e4 Nf6 5. f3 O-O 6. Be3 e5 7. Nge2 Nbd7 8. Qd2
exd4 9. Nxd4 Nc5 10. Be2 a5 11. O-O 1/2-1/2

[Event "Klatovy"]
[Site "?"]
[Date "2007.??.??"]
[Round "?"]
[White "Folkova, M."]
[Black "Jonas, V."]
[Result "1-0"]
[WhiteElo "2195"]
[BlackElo "1985"]
[PlyCount "71"]
[EventDate "2007.??.??"]

1. e4 e5 2. Nf3 Nc6 3. Bb5 f5 4. Nc3 fxe4 5. Nxe4 Nf6 6. Qe2 d5 7. Nxf6+ gxf6
8. d4 Bg7 9. dxe5 O-O 10. Bxc6 bxc6 11. e6 Re8 12. O-O Bxe6 13. Qd3 c5 14. c3
Qd7 15. Be3 Rab8 16. b3 Bf8 17. Nh4 Kh8 18. f4 Qg7 19. f5 Bf7 20. Bf4 Bd6 21.
Bxd6 cxd6 22. Rae1 Qg4 23. g3 Rxe1 24. Rxe1 Re8 25. Rxe8+ Bxe8 26. Qxd5 Qe2 27.
Qe6 Qd1+ 28. Kf2 Qd2+ 29. Qe2 Qxe2+ 30. Kxe2 Kg7 31. b4 Bd7 32. Ke3 Kf7 33. a3
Ke7 34. g4 Kd8 35. Ng2 Kc7 36. Nf4 1-0

[Event "Klatovy"]
[Site "?"]
[Date "2007.??.??"]
[Round "?"]
[White "Rakous, P."]
[Black "Danek, V."]
[Result "0-1"]
[WhiteElo "2010"]
[BlackElo "2020"]
[PlyCount "66"]
[EventDate "2007.??.??"]

1. Nf3 g6 2. c4 Bg7 3. g3 c5 4. Bg2 Nc6 5. O-O e5 6. d3 Nge7 7. Nc3 O-O 8. b3
e4 9. dxe4 Bxc3 10. Bh6 Bg7 11. Bxg7 Kxg7 12. e5 Ng8 13. Qd5 Qe7 14. a3 Re8 15.
b4 cxb4 16. axb4 Nxb4 17. Qd2 Nc6 18. Rfe1 Nxe5 19. Nxe5 Qxe5 20. Ra5 Qf6 21.
f4 Ne7 22. e4 Nc6 23. Rd5 Qe7 24. c5 b6 25. e5 bxc5 26. Rd6 Rb8 27. f5 gxf5 28.
Bh3 Kh8 29. Bxf5 Nxe5 30. Kg2 f6 31. Qh6 Qg7 32. Qh4 Rf8 33. g4 Rb2+ 0-1

[Event "Klatovy"]
[Site "?"]
[Date "2007.??.??"]
[Round "?"]
[White "Skoda, M."]
[Black "Pravdik, K."]
[Result "1/2-1/2"]
[WhiteElo "1995"]
[BlackElo "2015"]
[PlyCount "37"]
[EventDate "2007.??.??"]

1. e4 c5 2. Nf3 Nf6 3. Nc3 d6 4. Bb5+ Bd7 5. Bxd7+ Qxd7 6. O-O Nc6 7. Re1 e6 8.
d3 Be7 9. e5 Nxe5 10. Nxe5 dxe5 11. Rxe5 b5 12. Ne4 Nxe4 13. Rxe4 O-O 14. Qf3
f5 15. Re1 Bf6 16. Rb1 Qd5 17. Qxd5 exd5 18. Be3 c4 19. dxc4 1/2-1/2

[Event "Klatovy"]
[Site "?"]
[Date "2007.??.??"]
[Round "?"]
[White "Snaidr, J."]
[Black "Peniska, P."]
[Result "1/2-1/2"]
[WhiteElo "2000"]
[BlackElo "2015"]
[PlyCount "50"]
[EventDate "2007.??.??"]

1. d4 Nf6 2. Nf3 b6 3. g3 Bb7 4. Bg2 e6 5. O-O Be7 6. c4 O-O 7. Nc3 Ne4 8. Qc2
Nxc3 9. Qxc3 d6 10. b3 Nd7 11. Bb2 Bf6 12. Qc2 g6 13. Rad1 Qe7 14. Rd2 Bg7 15.
Re1 f5 16. Nh4 Bxg2 17. Nxg2 Nf6 18. f3 Rad8 19. e3 c5 20. dxc5 dxc5 21. Bxf6
Bxf6 22. Red1 Rxd2 23. Qxd2 Rd8 24. Qxd8+ Qxd8 25. Rxd8+ Bxd8 1/2-1/2

[Event "Klatovy"]
[Site "?"]
[Date "2007.??.??"]
[Round "?"]
[White "Cecil, P."]
[Black "Hruska, O."]
[Result "1-0"]
[WhiteElo "2040"]
[BlackElo "1880"]
[PlyCount "51"]
[EventDate "2007.??.??"]

1. d4 Nf6 2. c4 g6 3. Nc3 Bg7 4. e4 d6 5. Nge2 O-O 6. Ng3 e5 7. d5 Nbd7 8. Be2
Ne8 9. h4 f5 10. Bg5 Ndf6 11. exf5 gxf5 12. Nh5 Bh8 13. Qd2 Qd7 14. Bh6 Ng7 15.
Qg5 Nfxh5 16. Bxh5 f4 17. Ne4 Qf5 18. f3 Qxg5 19. hxg5 Rd8 20. Nf6+ Kf8 21.
Nxh7+ Ke7 22. g6 Nxh5 23. Rxh5 Rg8 24. Bg5+ Ke8 25. Bf6 Bg7 26. Kf2 1-0

[Event "Klatovy"]
[Site "?"]
[Date "2007.??.??"]
[Round "?"]
[White "Pokora, L."]
[Black "Kalivoda, L."]
[Result "1-0"]
[WhiteElo "1995"]
[BlackElo "1865"]
[PlyCount "105"]
[EventDate "2007.??.??"]

1. e4 c6 2. d4 d5 3. e5 Bf5 4. Nf3 e6 5. Be2 Nd7 6. O-O c5 7. c3 Ne7 8. Be3 Nc6
9. Nbd2 Be7 10. a3 O-O 11. b4 c4 12. Ne1 h6 13. g4 Bh7 14. f4 f5 15. Kh1 Kh8
16. Rg1 fxg4 17. Bxg4 Bf5 18. Nf1 Qe8 19. Bxf5 exf5 20. Qf3 Qf7 21. Ra2 Rg8 22.
Rag2 Nf8 23. Bf2 Nd8 24. Nc2 a5 25. Nfe3 axb4 26. axb4 Ra3 27. Nxd5 Nc6 28. b5
Na7 29. Nce3 Nxb5 30. Nxc4 Ra6 31. Nce3 Bd8 32. Rb1 Na3 33. Rc1 Ne6 34. Qh3 Ra5
35. Qf3 b5 36. Nb4 Nc4 37. Nxc4 bxc4 38. d5 Nc5 39. Bxc5 Rxc5 40. Rd2 Ba5 41.
Nc6 Re8 42. Ra1 Bb6 43. e6 Qc7 44. Ne5 Qb7 45. Nf7+ Kg8 46. Nd6 Qb8 47. Nxe8
Qxe8 48. Qe2 Rc8 49. Qe5 Qh5 50. Rg2 g5 51. Qxf5 Rf8 52. Qg4 Qxg4 53. Rxg4 1-0

[Event "Klatovy"]
[Site "?"]
[Date "2007.??.??"]
[Round "?"]
[White "Schanilec, M."]
[Black "Cekan, P."]
[Result "0-1"]
[WhiteElo "1800"]
[BlackElo "1970"]
[PlyCount "43"]
[EventDate "2007.??.??"]

1. e4 e5 2. Nf3 Nc6 3. Bc4 Nf6 4. d3 Bc5 5. O-O d6 6. Bg5 h6 7. Bh4 g5 8. Bg3
Bg4 9. c3 Qd7 10. Nbd2 Nh5 11. b4 Bb6 12. Qb3 O-O 13. Kh1 Kg7 14. h4 Rae8 15.
hxg5 Nxg3+ 16. fxg3 hxg5 17. Nh2 f6 18. Ndf3 Rh8 19. a4 a5 20. b5 Bxf3 21. gxf3
Rxh2+ 22. Kxh2 0-1